00562nam a2200169 a 450000100100000000500170001000800410002704000250006808200150009310000290010824500460013726000420018330000280022504900090025395201130026299900170037500002401820200930022640.0110118s1980 dr a 000 0 spa d aDO-SdBNPbspacBNPHU axxxbG216m1 aGarcía, Lautico92341010aMi iglesia en cambio /cLautico García. aSanto Domingo :bAlfa y Omega,c1980. a590 p. :bil. ;c23 cm. aBNPD 0010718PDaPDbPDcCTd2011-01-18iLF1l0oxxx G216mp24018-10r2020-06-25w2020-06-25yLFPDZNo se presta c23513d23513